00391nam a22001457a 450000500170000000800410001702200130005804100120007108200120008310000120009524500400010726000470014730000250019465000260021920240904121909.0240904b |||||||| |||| 00| 0 eng d a02582503 aEnglish a349 SOU lEnglish aThe South African Law Journal 2024  aCape Town: bJuta and Company Ltd, c2024  b211 pages; c25 cm.  aLegal practice bLaw